Genetical research in India (Record no. 39528)

MARC details
000 -LEADER
fixed length control field 00426nam a2200145Ia 4500
082 ## - DEWEY DECIMAL CLASSIFICATION NUMBER
Classification number 575(540)
Item number JAI
245 #0 - TITLE STATEMENT
Title Genetical research in India
260 ## - PUBLICATION, DISTRIBUTION, ETC. (IMPRINT)
Place of publication New Delhi
Name of publisher ICAR
Year of publication 1983
505 ## - FORMATTED CONTENTS NOTE
Formatted contents note XV International congress of genetics, New Delhi, India, December 12-21,1983
650 ## - SUBJECT ADDED ENTRY--TOPICAL TERM
Topical Term Genetical research
650 ## - SUBJECT ADDED ENTRY--TOPICAL TERM
Topical Term Plant kingdom
700 ## - ADDED ENTRY--PERSONAL NAME
Personal name JAISWAL, P L
942 ## - ADDED ENTRY ELEMENTS (KOHA)
Koha item type Books
Holdings
Withdrawn status Lost status Damaged status Not for loan Home library Current library Date acquired Full call number Accession Number Koha item type
        RRII Library RRII Library 16/12/2021 575(540) JAI 19860 Books